Central Library OPAC University of Rajshahi

James, Seumas & Jacques : (Record no. 21396)

MARC details
000 -LEADER
fixed length control field 00969cam a2200265I 4500
001 - CONTROL NUMBER
control field 21396
003 - CONTROL NUMBER IDENTIFIER
rucl marc code BD-RjUL
005 - DATE AND TIME OF LATEST TRANSACTION
control field 20211209000700.0
008 - FIXED-LENGTH DATA ELEMENTS--GENERAL INFORMATION
fixed length control field 140304s1964 enk 00000 eng
035 ## - SYSTEM CONTROL NUMBER
System control number (BD-RjUL)21460
040 ## - CATALOGING SOURCE
Original cataloging agency DLC
Transcribing agency WSU
Modifying agency SER
-- m.c.
-- BOS
-- BD-RjUL
Language of cataloging eng
041 ## - LANGUAGE CODE
Language code of text/sound track or separate title eng
082 ## - DEWEY DECIMAL CLASSIFICATION NUMBER
Classification number 824
Author mark and year STJ 1964
090 ## - LOCALLY ASSIGNED LC-TYPE CALL NUMBER (OCLC); LOCAL CALL NUMBER (OCLC)
Classification number (OCLC) (R) ; Classification number, CALL (RLIN) (NR) PR6037.T4
Local cutter number (OCLC) ; Book number/undivided call number, CALL (RLIN) J28 F64
100 1# - MAIN ENTRY--PERSONAL NAME
Personal name Stephens, James,
Dates associated with a name 1882-1950.
9 (RLIN) 55035
245 10 - TITLE STATEMENT
Title James, Seumas & Jacques :
Statement of responsibility, etc. Chosen and edited with an introd. by Lloyd Frankenberg.
Remainder of title unpublished writings /
260 ## - PUBLICATION, DISTRIBUTION, ETC. (IMPRINT)
Place of publication, distribution, etc. London :
Name of publisher, distributor, etc. Macmillan,
Date of publication, distribution, etc. c1964.
300 ## - PHYSICAL DESCRIPTION
Pagination xxxii, 288 p. ;
Size 21 cm.
500 ## - GENERAL NOTE
General note Chiefly a selection of radio scripts of talks broadcast over B.B.C., 1928-1950.
505 0# - FORMATTED CONTENTS NOTE
Formatted contents note Fables.--Friends and others.--James, Seumas & Jacques.--Appendix: James Stephens broadcasts.
650 #0 - SUBJECT ADDED ENTRY--TOPICAL TERM
Topical term or geographic name as entry element Authors, Irish
Chronological subdivision 20th century.
9 (RLIN) 66129
710 20 - ADDED ENTRY--CORPORATE NAME
Corporate name or jurisdiction name as entry element British Broadcasting Corporation.
9 (RLIN) 66130
942 ## - ADDED ENTRY ELEMENTS (KOHA)
Source of classification or shelving scheme Dewey Decimal Classification
Koha item type Books
Holdings
Lost status Source of classification or shelving scheme Damaged status Not for loan Collection code Permanent Location Current Location Shelving location Date acquired Source of acquisition Cost, normal purchase price Total Checkouts Full call number Date last seen Copy number Koha item type
  Dewey Decimal Classification   Added to bundle Fiction Central Library, University of Rajshahi Central Library, University of Rajshahi Reading Room 01/11/1968 Zeitlinger 35.00   824 STJ 1964 04/03/2014 C-1 Books